Datum a čas kvízu
32.5
Celkem bodů
Celkový počet nahraných bodů na tomto kvízu bez doplňovacích otázek.
7.
Pořadí na kvízu
Konečné umístění týmu na tomto kvízu.
Zaznamenané odpovědi
| # | Otázka | Odpověď | Body | Výsledky |
|---|---|---|---|---|
| 1. | V úterý byli do pražské zoo př... | (lední) medvědi | 0 | |
| 2. | Američan Lorenzo Prendini, kap... | A | 0 | |
| 3. | V úterý byl zahájen 77. ročník... | v Cannes | 1 | |
| 4. | Bývalá manželka Billa Gatese M... | Gatesova nadace | 1 | |
| 5. | Sudí Jan Smit dostal v nejmeno... | v Nizozemsku | 0 | |
| 6. | Jména Mnata, Vojen či Vnislav... | A | 0 | |
| 7. | Podle pověsti prý zvony z kost... | ve čtvrtek (na Zelený čtvrtek) | 0 | |
| 8. | Přiřaďte k sobě dvojice hrdinů... | 1D 2C 3B 4A | 0 | |
| 9. | Václav Podbrdský byl kameník,... | A | 1 | |
| 10. | Pokud dokážete určit, co tento... | Stadice | 0 |